000 00272nam a22001217a 4500
008 170301b xxu||||| |||| 00| 0 alb d
041 _aalb
080 _a616.8-006
100 _a6
101 _aSHM
245 _aKEMOTERAPIA DHE ANTIBIOTERAPIA
_cJAWETS, E
942 _2udc
_cBK
999 _c6506
_d6506